00726 a2200193 450000500170000000800390001704000650005604100080012106000110012910000170014024500490015726000310020630000500023750001300028750000210041765000250043865000250046365000440048820240313082718.0130705s1958 enka frn 000 0 eng aCO-BoUCMbspacLuz Cupitra (modificó)dAldemar Mondragón aspa aWO 6001 aRob, Charles10aOperative surgerycCharles Rob, Rodney Smith aLondonbButter Worthc1958 aVolumen 6 [xii, 433] páginasbilustraciones aTransferencia al Archivo Histórico en marzo de 2024. Investigación Emilio Quevedo, historiador de la medicina colombiana. aIncluye índice 7aCirugía plástica 7aCirugíaxMétodos 7aTrasplantes de órganos, tejidos, etc.